000 00414nam a2200145 i 4500
001 34484
003 ES-MaACL
005 20230906154936.0
007 t|
008 030207s1920 gw ||||1| ger d
100 1 _aBlueher, Hans.
_929576
245 1 4 _aDie wiedergeburt der Platonischen Akademie /
_cHans Blueher.
260 _aJena :
_b[s.n.,
_c1920] (
_fVerleyt bci Eugen Diederichs)
852 _aES-MaACL
_j1633-F-1
999 _c34484
_d34484